| 000 | 00497 a2200205 4500 | ||
|---|---|---|---|
| 005 | 20260407124059.0 | ||
| 008 | 260407b |||||||| |||| 00| 0 eng d | ||
| 020 |
_a9789350305027 _cRs. 2295.00 |
||
| 040 | _aMAIN | ||
| 082 |
_a581.2 _bS41P |
||
| 100 | _aSolanke, N S | ||
| 245 | _aPlant pathology | ||
| 260 |
_bOxford Book Company _c2024 _aJaipur |
||
| 300 | _aviii, 230 | ||
| 650 | _aBotany | ||
| 650 | _aPlant | ||
| 650 | _aPathology - Plant | ||
| 650 | _aPlant Diseases | ||
| 942 | _cBK | ||
| 999 |
_c396047 _d396047 |
||